Liquidación (Record no. 107156)

MARC details
000 -LEADER
campo de control de longitud fija 01424nac a2200289 a 4500
003 - IDENTIFICADOR DE NÚMERO DE CONTROL
campo de control CO-PeBPM
005 - FECHA Y HORA DE LA ÚLTIMA TRANSACCIÓN
campo de control 20260224194906.0
007 - CAMPO FIJO DE DESCRIPCIÓN FÍSICA--INFORMACIÓN GENERAL
campo de control de longitud fija ta
008 - DATOS DE LONGITUD FIJA--INFORMACIÓN GENERAL
campo de control de longitud fija 260224s2004 ck |||| |||| 00| f spa d
040 ## - FUENTE DE CATALOGACIÓN
Centro catalogador/agencia de origen CO-PeBPM
Lengua de catalogación spa
Centro/agencia transcriptor CO-PeBPM
Normas de descripción rda
041 ## - CÓDIGO DE IDIOMA
Código de lengua del texto/banda sonora o título independiente spa
082 04 - NÚMERO DE LA CLASIFICACIÓN DECIMAL DEWEY
Número de clasificación 894.5113 K41l
Número de edición 22
100 1# - ENTRADA PRINCIPAL--NOMBRE DE PERSONA
Nombre de persona Kertész, Imre
Fechas asociadas al nombre , 1929-2016
Término indicativo de función/relación autor
245 1# - MENCIÓN DEL TÍTULO
Título Liquidación
Mención de responsabilidad, etc. / Imre Kertész ; traducción de Adan Kovacsics
264 ## - PRODUCCIÓN, PUBLICACIÓN, DISTRIBUCIÓN, FABRICACIÓN Y COPYRIGHT
Producción, publicación, distribución, fabricación y copyright Bogotá, Colombia
Nombre del de productor, editor, distribuidor, fabricante : Alfaguara
Fecha de producción, publicación, distribución, fabricación o copyright , 2004
300 ## - DESCRIPCIÓN FÍSICA
Extensión 149 páginas
Dimensiones 21 centimetros
336 ## - TIPO DE CONTENIDO
Fuente rdacontent
Término de tipo de contenido texto
Código de tipo de contenido txt
337 ## - TIPO DE MEDIO
Fuente rdamedia
Nombre/término del tipo de medio sin mediación
Código del tipo de medio n
338 ## - TIPO DE SOPORTE
Fuente rdacarrier
Nombre/término del tipo de soporte volumen
Código del tipo de soporte nc
520 ## - RESUMEN, ETC.
Sumario, etc. Keseru trabaja en una editorial y ha recogido los papeles póstumos de B, su amigo escritor, que se ha suicidado. Busca entre ellos una novela inédita y se embarca sin esperarlo en la revisión de su propia vida. Es entonces cuando comienza a desvelarse también la historia que está detrás del escritor: su pasado en Auschwitz, sus historias de amor, sus obras inacabadas y la influencia que tuvieron sobre él los cambios políticos de finales de los ochenta… tomado de https://bit.ly/2UNnHlI
586 ## - NOTA DE PREMIOS
Nota de premios Premio Nobel de Literatura, 2002
650 17 - PUNTO DE ACCESO ADICIONAL DE MATERIA--TÉRMINO DE MATERIA
Término de materia o nombre geográfico como elemento de entrada Novelas húngaras
Fuente del encabezamiento o término LEMB
650 17 - PUNTO DE ACCESO ADICIONAL DE MATERIA--TÉRMINO DE MATERIA
Término de materia o nombre geográfico como elemento de entrada Novela autobiográfica
Fuente del encabezamiento o término LEMB
650 17 - PUNTO DE ACCESO ADICIONAL DE MATERIA--TÉRMINO DE MATERIA
Término de materia o nombre geográfico como elemento de entrada Holocausto judío, 1939-1945 - Hungría - Novela
Fuente del encabezamiento o término LEMB
700 1# - ENTRADA AGREGADA--NOMBRE PERSONAL
Nombre de persona Kovacsics, Adan
Término indicativo de función/relación traductor
942 ## - ELEMENTOS DE ENTRADA SECUNDARIOS (KOHA)
Fuente del sistema de clasificación o colocación Clasificación Decimal Dewey
Suprimir en OPAC No
Tipo de ítem Koha Literatura
Holdings
Estatus retirado Estado de pérdida Fuente del sistema de clasificación o colocación Estado de daño No para préstamo Colección Biblioteca de origen Biblioteca actual Ubicación en estantería Fecha de adquisición Fuente de adquisición Total de préstamos Signatura topográfica completa Código de barras Visto por última vez Copia número Precio de reemplazo Tipo de ítem Koha
    Clasificación Decimal Dewey     General BIBLIOTECA PÚBLICA MUNICIPAL RAMON CORREA MEJIA BIBLIOTECA PÚBLICA MUNICIPAL RAMON CORREA MEJIA Colección general 24/02/2026 Donación   894.5113 K41l 63379 24/02/2026 Ej.1 24/02/2026 Literatura

Powered by Koha